Elementary linear algebra : (Record no. 1333)
[ view plain ]
| 000 -LEADER | |
|---|---|
| fixed length control field | 00666nac a22002171u 4500 |
| 020 ## - INTERNATIONAL STANDARD BOOK NUMBER | |
| International Standard Book Number | 0471449024 (pbk.) |
| 082 ## - DEWEY DECIMAL CLASSIFICATION NUMBER | |
| Classification number | 512.5 |
| Item number | A6347 |
| 090 ## - LOCALLY ASSIGNED LC-TYPE CALL NUMBER (OCLC); LOCAL CALL NUMBER (OCLC) | |
| -- | 1333 |
| -- | 1333 |
| 100 ## - MAIN ENTRY--PERSONAL NAME | |
| Personal name | Anton, Howard. |
| 245 ## - TITLE STATEMENT | |
| Title | Elementary linear algebra : |
| Remainder of title | applications version / |
| Statement of responsibility, etc | Howard A. Anton and Chris Rorres. |
| 250 ## - EDITION STATEMENT | |
| Edition statement | 9th ed. |
| 260 ## - | |
| -- | New York : |
| -- | Wiley,2005 |
| -- | 2005. |
| 300 ## - PHYSICAL DESCRIPTION | |
| Extent | xv, 832 p. ; |
| Dimensions | 24 cm. |
| 336 ## - CONTENT TYPE | |
| Source | rdacontent |
| Content type term | text |
| Content type code | txt |
| 337 ## - MEDIA TYPE | |
| Media type term | unmediated |
| Source | rdamedia |
| Media type code | n |
| 338 ## - CARRIER TYPE | |
| Carrier type term | volume |
| Carrier type code | nc |
| Source | rdacarrier |
| 500 ## - GENERAL NOTE | |
| General note | Previous ed.: 2000. |
| 650 ## - SUBJECT ADDED ENTRY--TOPICAL TERM | |
| Topical term or geographic name as entry element | Algebras, Linear. |
| 700 ## - ADDED ENTRY--PERSONAL NAME | |
| Personal name | Rorres, Chris. |
| 942 ## - ADDED ENTRY ELEMENTS (KOHA) | |
| Koha item type | Book - Borrowing |
| Call number prefix | 512.5A6347 |
| Classification part | RDA-MOD |
| Withdrawn status | Lost status | Source of classification or shelving scheme | Damaged status | Not for loan | Collection code | Home library | Current library | Shelving location | Date acquired | Source of acquisition | Cost, normal purchase price | Total Checkouts | Total Renewals | Full call number | Barcode | Date last seen | Date checked out | Cost, replacement price | Price effective from | Koha item type |
|---|---|---|---|---|---|---|---|---|---|---|---|---|---|---|---|---|---|---|---|---|
| Dewey Decimal Classification | Central Library | Central Library | First floor | 03/09/2006 | 336.00 | 8 | 9 | 512.5 ANT | 000003131 | 15/07/2025 | 28/11/2017 | 420.00 | 03/09/2006 | Book - Borrowing |